La bella bestia / (Registro nro. 12131)

Detalles MARC
000 -LIDER
fixed length control field 01074cam a2200361 i 4500
001 - NÚMERO DE CONTROL
Identificador de número de control 0000822
003 - IDENTIFICACDOR DE NÚMERO DE CONTROL
control field DO-SdBNP
005 - DATE AND TIME OF LATEST TRANSACTION
control field 20250602125010.0
007 - CAMPOS FIJOS DE DESCRIPCIÓN FÍSICA
fixed length control field 0000822
008 - ELEMENTOS DE LONGITUD FIJA
fixed length control field 100514s 1999 ck a | |||| 000 f spa
015 ## - NÚMERO DENTRO DE LA BIBLIOGRAFÍA NACIONAL
National bibliography number
017 ## - NÚMERO DE REGISTRO DE DERECHOS DE AUTOR
Copyright or legal deposit number
Assigning agency
020 ## - ISBN
International Standard Book Number 8437223555
020 ## - ISBN
International Standard Book Number 0064434168
035 ## - NÚMERO LOCAL
System control number
040 ## - FUENTE DE CATALOGACIÓN
Agencia que crea de manera original el registro BPMSU
Idioma de catalogación spa
Agencia que realiza la transcripción BPMSU
Convenciones de la despripción
080 ## - NÚMERO DE CLASIFICACIÓN DECIMAL UNIVERSAL
Universal Decimal Classification number
100 1# - ASIENTO PRINCIPAL -- NOMBRE PERSONAL
Nombre personal Anholt, Laurence
240 1# - TITULO UNIFORME
Título uniforme Billy Beast /
245 13 - MENCIÓN DE TITULO
Título La bella bestia /
Medio (Designación general de material)
Mención de responsabilidad Laurence Anholt ; ilustraciones Arthur Robins ; traducción Carlo Frabetti
260 ## - PUBLICACIÓN, DISTRIBUCIÓN, ETC. (PIE DE IMPRENTA)
Lugar de publicación, distribución, etc Santafé de Bogotá, Colombia :
Nombre del editor, distribuidor, etc. Altea,
Fecha de publicación, distribución, etc 1999.
300 ## - DESCRIPCIÓN FÍSICA
Extensión [64] p.:
Otros detalles físicos il.
Dimensiones 20 cm.
490 1# - MENCIÓN DE SERIES
Mención de serie Historias de siempre contadas como nunca
490 1# - MENCIÓN DE SERIES
Mención de serie Historias increibles
500 ## - NOTA GENERAL
Nota general Estas historias no han sido testadas en animales.
700 12 - ASIENTO SECUNDARIO -- NOMBRE PERSONAL
Nombre personal Robins, Arthur
Mención de responsabilidad il.
700 12 - ASIENTO SECUNDARIO -- NOMBRE PERSONAL
Nombre personal Frabetti, Carlo
Mención de responsabilidad trad.
830 #0 - ASIENTO SECUNDARIO DE SERIE--TÍTULO UNIFORME
Título uniforme Historias de siempre contadas como nunca
830 #0 - ASIENTO SECUNDARIO DE SERIE--TÍTULO UNIFORME
Título uniforme Historias increibles
942 ## - ADDED ENTRY ELEMENTS (KOHA)
Source of classification or shelving scheme Dewey Decimal Classification
Koha item type Libros
945 ## - INFORMACIÓN DE PROCESAMIENTO LOCAL
Información de procesamiento local Inventariado, 2018 / BT
956 ## - LOCAL ELECTRONIC LOCATION AND ACCESS (OCLC)
Nombre de host YLOCKWARD
Campo enlazado y núm. de secuencia 10
Información de compresión BPMSU
Existencias
Withdrawn status Lost status Source of classification or shelving scheme Damaged status Not for loan Collection code Home library Current library Date acquired Source of acquisition Total Checkouts Full call number Barcode Date last seen Copy number Price effective from Koha item type Cost, replacement price
    Dewey Decimal Classification     Colección Infantil General Biblioteca Pública Metropolitana Salomé Ureña Biblioteca Pública Metropolitana Salomé Ureña 11/28/2016 COMPRA   BPMSU CGI 823.8 A628b 1996 BPMSU16111593 11/28/2016 11/28/2016 Libros  
    Dewey Decimal Classification     Colección Infantil General Biblioteca Pública Metropolitana Salomé Ureña Biblioteca Pública Metropolitana Salomé Ureña 11/28/2016 ALFAGUARA   BPMSU CGI 823.8 A628b 1996 BPMSU16111594 11/28/2016 e.2 11/28/2016 Libros 70.00